00418nam a2200121Ia 4500003000400000005001700004008004100021040001800062041000800080100005100088245012100139260003600260OSt20260128121904.0211028s2018 xx 000 0 und d cAIMIT LIBRARY aeng aThereri, Ambili Nair; Wright, Rowena.g1616012 aStudy on the effect of training and development programmes on work performance at western India plywood ltd Kannur / aMangalorebRoyce Baretto.c2018